| 000 | 00959cab a2200205 4500 | ||
|---|---|---|---|
| 001 | L135991 | ||
| 008 | 061221n2006 000 0 eng u | ||
| 035 | _a(Sirsi) u135991 | ||
| 041 | 0 | _aeng | |
| 100 | 1 | _aKellett, Peter | |
| 245 | 0 | 0 | _aLifting the burden |
| 260 | _c2006 | ||
| 490 | 0 |
_aCIWM _bThe Journal for Waste and Resource Management Professionals _vDecember 2006, 50-51(2) |
|
| 520 | _aFocuses on the Environmental Permitting Programme, and what it might mean for those involved in environmental permitting systems, in particular those regulated under Waste Management Licensing, and Pollution Prevention and Control Permitting. The Environmental Permitting Programme is part of Defra's plans to simplify regulations, and to cut the administrative burdens imposed on businesses. | ||
| 590 | _aKA | ||
| 651 | 4 |
_aEngland and Wales _y1543- |
|
| 690 | _aENVIRONMENTAL AND LAND CONSULTANCY-WASTE MANAGEMENT | ||
| 700 | 1 | _aJones, Samuel | |
| 942 | _n0 | ||
| 999 |
_c78091 _d78091 |
||